| 000 | 003920000a22001570004500 | ||
|---|---|---|---|
| 020 | _a0876925093 | ||
| 060 | _a100 | ||
| 082 | _a338.1 SAN | ||
| 100 | _aSankhayan, P L | ||
| 245 | _aIntroduction to the economics of agricultural production | ||
| 260 | _aNewdelhi, Prentice- Hall of India Pvt Ltd | ||
| 260 | _c1988 | ||
| 300 | _a135 | ||
| 650 | _aAgricultural production | ||
| 942 | _cBK | ||
| 999 |
_c355556 _d355556 |
||